[Event "Hamburg-chA"]
[Site "Hamburg"]
[Date "2010.05.29"]
[Round "8.5"]
[White "Haack, Stefan"]
[Black "Farzamfar, Bahram"]
[Result "1-0"]
[WhiteElo "1775"]
[BlackElo "1692"]
[PlyCount "107"]
[EventDate "2010.05.22"]
[EventType "swiss"]
[EventRounds "9"]
[EventCountry "GER"]
[SourceTitle "EXT 2011"]
[Source "ChessBase"]
[SourceDate "2010.11.26"]
[SourceVersion "1"]
[SourceVersionDate "2010.11.26"]
[SourceQuality "1"]

1. e4 e5 2. Nf3 d6 3. d4 exd4 4. Nxd4 Nf6 5. Nc3 Be7 6. Bc4 0-0 7. f3 Nbd7 8. 0-0 Re8 9. Be3 Nb6 10. Be2 Bf8 11. Nb3 c6 12. Qd2 Be6 13. Bg5 Nc4 14. Bxc4 Bxc4 15. Rfd1 Qb6+ 16. Be3 Qd8 17. Qd4 Ba6 18. Bf4 Re6 19. Nc5 Re8 20. Nxa6 bxa6 21. Bxd6 Bxd6 22. Qxd6 Qb6+ 23. Qd4 Qxb2 24. Rab1 Qa3 25. Rb3 Qa5 26. Qb4 Qg5 27. Ne2 h5 28. Qc4 Rac8 29. Rb7 Rf8 30. h3 h4 31. f4 Qh5 32. Nc3 Nd5 33. exd5 cxd5 34. Qxd5 Qxd5 35. Nxd5 Rxc2 36. Rxa7 Rxa2 37. f5 a5 38. Rd4 g6 39. fxg6 fxg6 40. Rg4 Ra1+ 41. Kh2 Rff1 42. Rxg6+ Kf8 43. Rf6+ Rxf6 44. Nxf6 a4 45. Nd7+ Kg8 46. Ne5 a3 47. Nf3 Ra2 48. Nxh4 Kf8 49. Nf3 Kg8 50. h4 Kh8 51. h5 Kg8 52. h6 Ra1 53. h7+ Kh8 54. Nh4 1-0

[Event "Hamburg Weisse Dame op 11th"]
[Site "Hamburg"]
[Date "2005.09.17"]
[Round "2.7"]
[White "Farzamfar, Bahram"]
[Black "Gloe, Helmut"]
[Result "1-0"]
[WhiteElo "1592"]
[BlackElo "1331"]
[PlyCount "89"]
[EventDate "2005.09.17"]
[EventType "swiss"]
[EventRounds "5"]
[EventCountry "GER"]
[SourceTitle "EXT 2006"]
[Source "ChessBase"]
[SourceDate "2005.11.24"]
[SourceVersion "1"]
[SourceVersionDate "2005.11.24"]
[SourceQuality "1"]

1. e4 Nc6 2. d4 e6 3. Nf3 Nge7 4. Bd3 h6 5. 0-0 Ng6 6. c3 a6 7. Be3 Be7 8. Qc2 d6 9. Nbd2 Nh4 10. Nxh4 Bxh4 11. f4 Be7 12. Nf3 0-0 13. Rad1 Bd7 14. d5 Na7 15. Qf2 exd5 16. Bxa7 dxe4 17. Bxe4 c6 18. Bb6 Qe8 19. Rfe1 Kh8 20. Be3 d5 21. Bb1 f5 22. Bc5 Bxc5 23. Qxc5 Qg6 24. Re7 Rad8 25. Rxd7 Rxd7 26. Qxf8+ Kh7 27. Ne5 Qh5 28. Rf1 Rc7 29. Qxf5+ Qxf5 30. Bxf5+ Kg8 31. Be6+ Kf8 32. Ng6+ Ke8 33. Re1 Kd8 34. f5 d4 35. Rd1 c5 36. cxd4 Rc6 37. dxc5+ Kc7 38. Rd7+ Kc8 39. Rxg7+ Kb8 40. b4 h5 41. Ne5 Rxe6 42. fxe6 h4 43. Kf2 Ka7 44. Nc6+ Ka8 45. Rg8# 1-0